Реклама как инструмент организации менеджмента на предприятии; Актуальные проблемы гуманитарных наук

Podrobná bibliografie
Parent link:Актуальные проблемы гуманитарных наук.— 2005.— С. 185-187
Hlavní autor: Стреляева А. Е. Анна Евгеньевна
Jazyk:ruština
Vydáno: 2005
Témata:
Médium: MixedMaterials Kapitola
KOHA link:https://koha.lib.tpu.ru/cgi-bin/koha/opac-detail.pl?biblionumber=139314

MARC

LEADER 00000naa2a2200000 4500
001 139314
005 20231031141708.0
035 |a (RuTPU)RU\TPU\book\150921 
090 |a 139314 
100 |a 20080605d2005 k y0rusy50 ca 
101 0 |a rus 
102 |a RU 
200 1 |a Реклама как инструмент организации менеджмента на предприятии  |f А. Е. Стреляева 
320 |a Библиогр.: 2 назв. 
463 0 |0 (RuTPU)RU\TPU\book\118298  |t Актуальные проблемы гуманитарных наук  |o труды IV международной научно-практической конференции студентов, аспирантов и молодых ученых, 20-21 апреля 2005, Томск  |f Томский политехнический университет  |v С. 185-187  |d 2005  |p 458 с. 
610 1 |a менеджмент 
610 1 |a предприятия 
610 1 |a реклама 
610 1 |a рганизация 
610 1 |a рыночная экономика 
610 1 |a сбыт продукции 
610 1 |a бизнес 
610 1 |a труды учёных ТПУ 
700 1 |a Стреляева  |b А. Е.  |c российский учёный-социолог  |c старший преподаватель Томского политехнического университета  |f 1975-  |g Анна Евгеньевна  |2 stltpush  |3 (RuTPU)RU\TPU\pers\26990 
801 1 |a RU  |b 63413507  |c 20080605  |g PSBO 
801 2 |a RU  |b 63413507  |c 20151117  |g RCR 
942 |c BK